| Tag |
First Indicator |
Second Indicator |
Subfields |
| LEADER |
00000cam a2200000Ia 4500 |
| 001 |
in00002575005 |
| 005 |
20210727090355.0 |
| 006 |
m d |
| 007 |
cr cn| |
| 008 |
100323s2010 gw sb 001 0 eng d |
| 020 |
|
|
|a 3642051588
|
| 020 |
|
|
|a 9783642051586
|
| 035 |
|
|
|a (OCoLC)567359282
|
| 035 |
|
|
|a (OCoLC)ocn567359282
|
| 035 |
|
|
|a 3706610
|
| 037 |
|
|
|a 978-3-642-05155-5
|b Springer
|n http://www.springerlink.com
|
| 040 |
|
|
|a GW5XE
|b eng
|c GW5XE
|d UtOrBLW
|
| 049 |
|
|
|a TXAC
|
| 050 |
|
4 |
|a QA274
|b .F45 2010
|
| 082 |
0 |
4 |
|a 519.2/3
|2 22
|
| 100 |
1 |
|
|a Feldman, Richard M.
|q (Richard Martin),
|d 1944-
|0 http://id.loc.gov/authorities/names/n86107861
|
| 245 |
1 |
0 |
|a Applied probability and stochastic processes /
|c Richard M. Feldman, Ciriaco Valdez-Flores.
|
| 250 |
|
|
|a 2nd ed.
|
| 264 |
|
1 |
|a Berlin ;
|a Heidelberg :
|b Springer-Verlag,
|c [2010]
|
| 264 |
|
4 |
|c ©2010
|
| 300 |
|
|
|a 1 online resource (xv, 397 pages)
|
| 336 |
|
|
|a text
|b txt
|2 rdacontent
|
| 337 |
|
|
|a computer
|b c
|2 rdamedia
|
| 338 |
|
|
|a online resource
|b cr
|2 rdacarrier
|
| 500 |
|
|
|a Electronic resource.
|
| 504 |
|
|
|a Includes bibliographical references and index.
|
| 533 |
|
|
|a Electronic reproduction.
|b New York :
|c Springer,
|d 2010.
|n Mode of access: World Wide Web.
|n System requirements: Web browser.
|n Title from title screen (viewed on Feb. 18, 2010).
|n Access may be restricted to users at subscribing institutions.
|
| 650 |
|
0 |
|a Probabilities.
|0 http://id.loc.gov/authorities/subjects/sh85107090
|
| 650 |
|
0 |
|a Stochastic processes.
|0 http://id.loc.gov/authorities/subjects/sh85128181
|
| 655 |
|
7 |
|a Electronic books.
|2 local
|
| 700 |
1 |
|
|a Valdez-Flores, Ciriaco.
|0 http://id.loc.gov/authorities/names/n95080838
|
| 710 |
2 |
|
|a SpringerLink (Online service)
|0 http://id.loc.gov/authorities/names/no2005046756
|
| 856 |
4 |
0 |
|u http://proxy.library.tamu.edu/login?url=https://dx.doi.org/10.1007/978-3-642-05158-6
|z Connect to the full text of this electronic book
|t 0
|
| 994 |
|
|
|a 92
|b TXA
|
| 999 |
|
|
|a MARS
|
| 999 |
f |
f |
|s c80d9103-4587-3289-928e-674643faa57c
|i a957945a-8089-32a1-b5e4-08a0624c4b78
|t 0
|
| 952 |
f |
f |
|a Texas A&M University
|b College Station
|c Electronic Resources
|d Available Online
|t 0
|e QA274 .F45 2010
|h Library of Congress classification
|
| 998 |
f |
f |
|a QA274 .F45 2010
|t 0
|l Available Online
|